00590 a2200169 4500003000500000005001700005040000900022082001000031100003300041245008800074260003500162300001500197505015300212538002900365650001400394651001200408Nust20170207153211.0 cNust a005.1 aHassan , Saeed Ul (MSCS-6) aAnomaly based intrusion detection using fuzzy association rulescSaeed Ul Hassan  bMCS,NUSTcMay 2006aRawalpindi axi, 62, p. aIntroduction (page-1) Literature oveview (page-5) Methodology (page-14) Experimentation (page-21) Results and analysis (page-33)Conclusion (page-44) aAlmirah No 73 Shelf No 2 aPG Thesis aMSCS -6